| 000 | 01145nam a22002177a 4500 | ||
|---|---|---|---|
| 005 | 20260124122959.0 | ||
| 008 | 230524b ||||| |||| 00| 0 eng d | ||
| 020 | _a9781473641150 | ||
| 040 | _cAL | ||
| 041 | _aEnglish | ||
| 082 |
_223 _a813.54 _bWILS |
||
| 100 |
_aTad Williams _9252626 |
||
| 245 | _aSea of Silver Light | ||
| 260 |
_aLondon _bHodder and Stoughton Ltd _c2017 |
||
| 300 |
_axli,1071p _bPB _c10x12cm |
||
| 365 |
_a1170 _b₹559.00 _c₹ _d₹699.00 _e20% _f17-05-2023 |
||
| 520 | _aOtherland - a display of mankind's extraordinary intellect, a multi-dimensional universe built by the geniuses of the twenty-first century and controlled by the private cartel known as the Grail Brotherhood, powerful and ruthless.But now Otherland is out of control.Fleeing through broken realities, a small band of adventurers struggle to avert the nightmare that Otherland could become. The only hope may lie in an alliance with their enemy. But time is running out - and Otherland's most terrifying secret is yet to be revealed. | ||
| 650 |
_a American English Fiction _9112933 |
||
| 650 |
_aOtherland Book Four _9114696 |
||
| 942 |
_2ddc _cBK |
||
| 999 |
_c227337 _d227337 |
||